History Quiz

Random History or City Quiz

Ancient City Slideshow Quiz Stats

Quiz Updated Oct 16, 2013

Also try: Ancient Wonders
Challenge
Share
Tweet
Score 0/20 Timer 08:00
37 Plays Today
% Correct
Moscow, Russia
93.1%
Athens, Greece
91.1%
Beijing, China
84.5%
Rome, Italy
81.4%
Paris, France
79.8%
Pompeii (destroyed in 79 A.D.), Italy
77.8%
London, United Kingdom
72.2%
Venice, Italy
66.1%
Petra (destroyed in 363 A.D.), Jordan
63%
Alexandria, Egypt
60%
% Correct
Tenochtitlan (now Mexico City), Mexico
59.4%
Jerusalem, Israel
59%
Byzantium (now Istanbul), Turkey
48.5%
Babylon (abandoned in 650 A.D.), Iraq
40.9%
Tyre, Lebanon
39.7%
Carthage (destroyed in 146 B.C.), Tunisia
38.8%
Lisbon, Portugal
35.2%
Delhi, India
33.1%
Halicarnassus (now Bodrum), Turkey
30.9%
Nanjing, China
24.6%

You're not logged in!

Compare scores with friends on all Sporcle quizzes.
Sign Up with Email
OR
Log In

You Might Also Like...

Show Comments

Extras

Top Quizzes Today


Score Distribution

Your Account Isn't Verified!

In order to create a playlist on Sporcle, you need to verify the email address you used during registration. Go to your Sporcle Settings to finish the process.